| 000 | 00000nam##2200000za#4500 |
| 001 | 9.663336 |
| 003 | CaOODSP |
| 005 | 20200330131843 |
| 007 | ta |
| 008 | 150407|2001||||xxc||||| f|0| 0 fre|d |
| 020 | |a0-662-66183-4 |
| 040 | |aCaOODSP|bfre |
| 041 | |aeng |
| 041 | |afre |
| 043 | |an-cn--- |
| 086 | 1 |aFs23-408/2001 |
| 110 | 1 |aCanada. |bMinistère des pêches et des océans. |
| 245 | 10|a«Opinions exprimées» : |bsommaire des consultations publiques tenues par la Révision de la politique sur les pêches de l'Atlantique, mars-avril 2001 |
| 260 | |aOttawa - Ontario : |bPêches et Océans Canada |c2001. |
| 300 | |aTexte français, 122p. ; |c28 cm. |
| 546 | |aBilingue |
| 563 | |aCouverture souple |
| 590 | |a01-47|b2001-11-23 |
| 691 | 07|aPêcheries|2gcpds |
| 691 | 07|aProvinces atlantiques|2gcpds |
| 691 | 07|aAudience publique|2gcpds |
| 776 | 0#|tRévision de la politique sur les pêches de l'Atlantique : |w(CaOODSP)9.640325 |
| 776 | 0#|tThe Atlantic fisheries policy review : |w(CaOODSP)9.696192 |
| 791 | |t"What we heard" : |eeng|w(CaOODSP)9.663335 |